| 000 | 00599nam a2200193Ia 4500 | ||
|---|---|---|---|
| 003 | IN-BaIIA | ||
| 008 | 211028s9999 xx 000 0 eng d | ||
| 040 | _cIIA Library | ||
| 080 |
_a77:551.46 _bHER |
||
| 245 | 0 |
_aDeep-Sea photography _cedited by J. B. Hersey |
|
| 260 |
_aBaltimore _bThe Johns Hopkins University Press _c1967 |
||
| 300 | _a310p. | ||
| 490 | _aThe Johns Hopkins oceanographic studies; no. 3 | ||
| 650 | _aNASA thesaurus | ||
| 650 | _aPhotographic processing | ||
| 650 | _aPhotography | ||
| 700 |
_aHersey, J. B., ed. _95430 |
||
| 942 | _cBK | ||
| 999 |
_c3053 _d3053 |
||